000 00650cam a2200133 4500500
005 20251214002554.0
041 _afre
042 _adc
100 1 0 _aBiet, Christian
_eauthor
245 0 0 _aLa tragédie
260 _bArmand Colin,
_c2010.
520 _a1. La tragédie antique 2. La tragédie au XVIe siècle et au début du XVIIe siècle 3. Le spectacle tragique au XVIIe siècle 4. L’esthétique de la distance 5. Impact politique et tragédie française de l’âge classique 6. Corneille et Racine 7. La tragédie au XVIIIe siècle
856 4 1 _uhttps://shs.cairn.info/la-tragedie--9782200259099?lang=fr&redirect-ssocas=7080
999 _c1567137
_d1567137